[Event "GER-ch43 V10 email"]
[Site "GER email"]
[Date "2011.04.10"]
[Round "?"]
[White "Dorer, Manfred"]
[Black "Woelfl, Stefan"]
[Result "1-0"]
[WhiteElo "2213"]
[BlackElo "2054"]
[PlyCount "85"]
[EventDate "2011.04.18"]
[EventType "tourn (corr)"]
[EventRounds "10"]
[EventCountry "GER"]
[SourceTitle "Corr 2015"]
[Source "ChessBase"]
[SourceDate "2015.07.17"]
[SourceVersion "1"]
[SourceVersionDate "2015.07.17"]
[SourceQuality "1"]
[WhiteTeam "Germany"]
[BlackTeam "Latvia"]
[WhiteTeamCountry "GER"]
[BlackTeamCountry "LAT"]

1. e4 e5 2. Nf3 Nc6 3. Bb5 a6 4. Ba4 Nf6 5. 0-0 Be7 6. Re1 b5 7. Bb3 d6 8. c3 0-0 9. h3 Na5 10. Bc2 c5 11. d4 Qc7 12. Nbd2 cxd4 13. cxd4 Nc6 14. Nb3 a5 15. Be3 a4 16. Nbd2 Bd7 17. Rc1 Qb7 18. Qe2 Rfe8 19. Bd3 Rab8 20. dxe5 Nxe5 21. Nxe5 dxe5 22. Bc5 Bxc5 23. Rxc5 Rbc8 24. Rec1 b4 25. Nf3 Qb8 26. Rxc8 Rxc8 27. Rxc8+ Qxc8 28. Qc2 Qxc2 29. Bxc2 Be6 30. Nxe5 Bxa2 31. Bxa4 Nxe4 32. Nd3 b3 33. Bc6 Ng5 34. Nc5 Ne6 35. Nxe6 fxe6 36. Be4 Kf7 37. h4 h6 38. f4 Ke7 39. Kf2 Kd6 40. g4 Kc5 41. Ke3 Kc4 42. Bd3+ Kd5 43. h5 1-0

[Event "GER-ch43 V10 email"]
[Site "GER email"]
[Date "2011.04.10"]
[Round "?"]
[White "Opitz, Peter"]
[Black "Woelfl, Stefan"]
[Result "1-0"]
[WhiteElo "1938"]
[BlackElo "2054"]
[PlyCount "87"]
[EventDate "2011.04.18"]
[EventType "tourn (corr)"]
[EventRounds "10"]
[EventCountry "GER"]
[SourceTitle "Corr 2015"]
[Source "ChessBase"]
[SourceDate "2015.07.17"]
[SourceVersion "1"]
[SourceVersionDate "2015.07.17"]
[SourceQuality "1"]
[WhiteTeam "Germany"]
[BlackTeam "Latvia"]
[WhiteTeamCountry "GER"]
[BlackTeamCountry "LAT"]

1. e4 e5 2. Nf3 Nc6 3. Bb5 a6 4. Ba4 Nf6 5. 0-0 Be7 6. Re1 b5 7. Bb3 d6 8. c3 0-0 9. h3 Na5 10. Bc2 c5 11. d4 Qc7 12. Nbd2 cxd4 13. cxd4 Nc6 14. Nb3 a5 15. Be3 a4 16. Nbd2 Bd7 17. Rc1 Qb7 18. Qe2 Rfe8 19. Bd3 a3 20. Rb1 axb2 21. Rxb2 exd4 22. Nxd4 b4 23. f4 Qc7 24. Nb5 Qb7 25. Reb1 Reb8 26. Rc2 Ra5 27. Nd4 Nxd4 28. Bxd4 Be6 29. Rbc1 Qa8 30. Nb3 Ra3 31. Nd2 Bxa2 32. Bb2 Ra7 33. Nc4 Nd7 34. e5 Bxc4 35. Rxc4 d5 36. Rc6 Nf8 37. e6 fxe6 38. Qg4 Bd8 39. f5 exf5 40. Qxf5 Rd7 41. Bd4 Qb7 42. Rf1 Bf6 43. Rxf6 gxf6 44. Bxf6 1-0

[Event "GER-ch43 V10 email"]
[Site "GER email"]
[Date "2011.04.10"]
[Round "?"]
[White "Woelfl, Stefan"]
[Black "Wuttke, Johannes"]
[Result "1/2-1/2"]
[WhiteElo "2054"]
[BlackElo "2004"]
[PlyCount "64"]
[EventDate "2011.04.18"]
[EventType "tourn (corr)"]
[EventRounds "10"]
[EventCountry "GER"]
[SourceTitle "Corr 2015"]
[Source "ChessBase"]
[SourceDate "2015.07.17"]
[SourceVersion "1"]
[SourceVersionDate "2015.07.17"]
[SourceQuality "1"]
[WhiteTeam "Germany"]
[BlackTeam "Latvia"]
[WhiteTeamCountry "GER"]
[BlackTeamCountry "LAT"]

1. e4 c5 2. Nf3 Nc6 3. d4 cxd4 4. Nxd4 Nf6 5. Nc3 d6 6. Bg5 e6 7. Qd2 h6 8. Bxf6 gxf6 9. 0-0-0 a6 10. f4 Bd7 11. Bc4 Qb6 12. Nxc6 Qxc6 13. Bb3 0-0-0 14. f5 Qc5 15. Kb1 Kb8 16. Rhf1 Qe5 17. g3 h5 18. Qf2 Rc8 19. fxe6 fxe6 20. Qxf6 Bg7 21. Qxe5 Bxe5 22. Ne2 h4 23. Rf7 Be8 24. Rf2 Bd7 25. Rdf1 hxg3 26. hxg3 Rh6 27. Nf4 Rg8 28. Rf3 b5 29. a3 Kc7 30. c3 Kb6 31. R1f2 Bc6 32. Re3 Bd7 1/2-1/2

[Event "GER ML-323 email"]
[Site "GER email"]
[Date "2008.01.10"]
[Round "?"]
[White "Woelfl, Stefan"]
[Black "Hueser, Udo"]
[Result "1/2-1/2"]
[WhiteElo "2009"]
[BlackElo "1968"]
[PlyCount "63"]
[EventDate "2008.??.??"]
[EventType "tourn (corr)"]
[EventRounds "6"]
[EventCountry "GER"]
[SourceTitle "Corr 2011"]
[Source "ChessBase"]
[SourceDate "2010.08.31"]
[SourceVersion "1"]
[SourceVersionDate "2010.08.31"]
[SourceQuality "1"]

1. d4 Nf6 2. c4 e6 3. Nc3 Bb4 4. Qc2 0-0 5. a3 Bxc3+ 6. Qxc3 b6 7. Bg5 Bb7 8. e3 d6 9. f3 Nbd7 10. Nh3 c5 11. dxc5 bxc5 12. Be2 a5 13. Rd1 Qc7 14. 0-0 a4 15. Nf2 Rfb8 16. Rd2 Ra6 17. Nd1 Rb6 18. Qc1 Bc6 19. Nc3 Ne8 20. Bf4 e5 21. Bg3 Qb7 22. Bd3 Rxb2 23. Bc2 Rb6 24. Nxa4 Ra6 25. Nc3 Qa8 26. Ne4 Ba4 27. Bxa4 Rxa4 28. Nxd6 Nxd6 29. Rxd6 Nb6 30. e4 f6 31. Bf2 Nxc4 32. Rd5 1/2-1/2

[Event "GER ML-321 email"]
[Site "GER email"]
[Date "2008.01.05"]
[Round "?"]
[White "Marquardt, Guenter"]
[Black "Woelfl, Stefan"]
[Result "1-0"]
[WhiteElo "2025"]
[BlackElo "2009"]
[PlyCount "111"]
[EventDate "2008.??.??"]
[EventType "tourn (corr)"]
[EventRounds "6"]
[EventCountry "GER"]
[SourceTitle "Corr 2011"]
[Source "ChessBase"]
[SourceDate "2010.08.31"]
[SourceVersion "1"]
[SourceVersionDate "2010.08.31"]
[SourceQuality "1"]

1. e4 c5 2. Nc3 Nc6 3. Nf3 d6 4. Be2 Nf6 5. d4 cxd4 6. Nxd4 e5 7. Nf3 h6 8. 0-0 Be7 9. Re1 0-0 10. h3 Be6 11. Bf1 Qa5 12. Bd2 Qd8 13. Bc1 Qa5 14. Bd2 Qd8 15. Na4 d5 16. exd5 Qxd5 17. c4 Qd6 18. Bc3 Nd7 19. Qxd6 Bxd6 20. Rad1 Bc7 21. b3 Rfd8 22. g4 Rab8 23. Bd3 f6 24. Be4 a6 25. Re2 Kf7 26. Red2 Ne7 27. Bb4 b5 28. cxb5 Rxb5 29. Bxe7 Kxe7 30. Rc2 Ba5 31. Nh4 Nf8 32. Rxd8 Bxd8 33. Bd3 Ra5 34. Nc5 Bb6 35. Nxe6 Nxe6 36. Rc6 Bc5 37. Nf5+ Kd7 38. Rxa6 Rxa6 39. Bxa6 Bf8 40. Bb5+ Kc7 41. Bc4 Nf4 42. h4 g6 43. Ne3 Kb6 44. Kf1 Ka5 45. Nc2 h5 46. gxh5 Nxh5 47. Ne3 Kb4 48. Ng2 g5 49. Bf7 Ng7 50. h5 Nf5 51. a4 Ka5 52. Ke2 Bc5 53. Bg6 Nh6 54. Ne3 Kb4 55. Bc2 Ka5 56. Kf3 1-0

[Event "GER ML-321 email"]
[Site "GER email"]
[Date "2008.01.05"]
[Round "?"]
[White "Pommrich, Rainer"]
[Black "Woelfl, Stefan"]
[Result "1/2-1/2"]
[WhiteElo "1981"]
[BlackElo "2009"]
[PlyCount "96"]
[EventDate "2008.??.??"]
[EventType "tourn (corr)"]
[EventRounds "6"]
[EventCountry "GER"]
[SourceTitle "Corr 2011"]
[Source "ChessBase"]
[SourceDate "2010.08.31"]
[SourceVersion "1"]
[SourceVersionDate "2010.08.31"]
[SourceQuality "1"]

1. e4 c5 2. Nf3 d6 3. d4 cxd4 4. Nxd4 Nf6 5. Nc3 a6 6. Bg5 e6 7. f4 Be7 8. Qf3 Qc7 9. 0-0-0 Nbd7 10. g4 b5 11. Bxf6 Nxf6 12. g5 Nd7 13. f5 Bxg5+ 14. Kb1 0-0 15. fxe6 Nb6 16. Bh3 Bf6 17. Qd3 Qc4 18. Nd5 Nxd5 19. Qxc4 bxc4 20. exd5 fxe6 21. dxe6 Rb8 22. Rhf1 Re8 23. Bg2 Bb7 24. Bxb7 Rxb7 25. c3 Be5 26. h4 Rbe7 27. h5 Rf8 28. Rxf8+ Kxf8 29. Rf1+ Ke8 30. Rg1 Bf6 31. Nf5 Rxe6 32. Nxg7+ Bxg7 33. Rxg7 h6 34. Ra7 d5 35. a4 Kd8 36. Ka2 Kc8 37. a5 Re5 38. Rxa6 Rxh5 39. Ka3 Kc7 40. Kb4 Rh2 41. Kc5 Rxb2 42. Rxh6 Rb3 43. Rh7+ Kb8 44. Kd4 Ra3 45. a6 Ra5 46. Rb7+ Ka8 47. Re7 Kb8 48. Rg7 Ka8 1/2-1/2

[Event "GER-ch40 V03 email"]
[Site "GER email"]
[Date "2008.??.??"]
[Round "?"]
[White "Woelfl, Stefan"]
[Black "Blau, Dieter"]
[Result "1/2-1/2"]
[WhiteElo "2009"]
[BlackElo "2125"]
[PlyCount "66"]
[EventDate "2008.??.??"]
[EventType "tourn (corr)"]
[EventRounds "10"]
[EventCountry "GER"]
[SourceTitle "Corr 2011"]
[Source "ChessBase"]
[SourceDate "2010.08.31"]
[SourceVersion "1"]
[SourceVersionDate "2010.08.31"]
[SourceQuality "1"]

1. d4 Nf6 2. c4 d6 3. Nc3 Nbd7 4. e4 e5 5. Nf3 Be7 6. Be2 0-0 7. 0-0 c6 8. Re1 a6 9. Bf1 Qc7 10. h3 Re8 11. a3 Nf8 12. Be3 exd4 13. Nxd4 Ng6 14. Qc2 Bf8 15. Rad1 b6 16. f4 b5 17. Rc1 Bb7 18. cxb5 cxb5 19. Qb1 Qd8 20. Bd3 Rc8 21. Nde2 Nd7 22. Rcd1 Be7 23. Rf1 Bf6 24. Bc2 Qc7 25. Bd4 Bxd4+ 26. Nxd4 Nf6 27. Kh2 Rcd8 28. Rd2 d5 29. e5 Ne4 30. Nxe4 dxe4 31. Bxe4 Nxe5 32. Nxb5 axb5 33. Rxd8 Rxd8 1/2-1/2

[Event "GER ML-325 email"]
[Site "GER email"]
[Date "2008.??.??"]
[Round "?"]
[White "Woelfl, Stefan"]
[Black "Egelhof, Hans Peter"]
[Result "1-0"]
[WhiteElo "2009"]
[BlackElo "2071"]
[PlyCount "91"]
[EventDate "2008.??.??"]
[EventType "tourn (corr)"]
[EventRounds "6"]
[EventCountry "GER"]
[SourceTitle "Corr 2011"]
[Source "ChessBase"]
[SourceDate "2010.08.31"]
[SourceVersion "1"]
[SourceVersionDate "2010.08.31"]
[SourceQuality "1"]

1. d4 g6 2. c4 Bg7 3. Nc3 d6 4. e4 Nh6 5. Nf3 f5 6. Be2 Na6 7. h4 c5 8. h5 cxd4 9. Bxh6 Bxh6 10. Qxd4 e5 11. Qd5 Nc5 12. exf5 gxf5 13. Rd1 Be6 14. Qxd6 Qxd6 15. Rxd6 Ke7 16. Rd1 e4 17. Nd4 Rhd8 18. Nd5+ Bxd5 19. Nxf5+ Kf6 20. Nxh6 Be6 21. f4 Rxd1+ 22. Kxd1 Rd8+ 23. Kc2 Kg7 24. Ng4 Nd3 25. Rd1 Rg8 26. Rxd3 exd3+ 27. Kxd3 Rf8 28. Ke3 Bxg4 29. Bxg4 Re8+ 30. Kd4 Rd8+ 31. Kc3 Rf8 32. Bf3 b5 33. cxb5 Rxf4 34. b4 Kf6 35. a4 Rf5 36. Kc4 Rf4+ 37. Kc3 Rf5 38. h6 Ke7 39. Be4 Rh5 40. Bxh7 Rxh6 41. Bf5 Kd6 42. a5 Rh5 43. g4 Rh3+ 44. Kc4 Rg3 45. b6 axb6 46. a6 1-0

[Event "GER-ch40 V03 email"]
[Site "GER email"]
[Date "2008.??.??"]
[Round "?"]
[White "Woelfl, Stefan"]
[Black "Hechler, Georg"]
[Result "1/2-1/2"]
[WhiteElo "2009"]
[BlackElo "2296"]
[PlyCount "49"]
[EventDate "2008.??.??"]
[EventType "tourn (corr)"]
[EventRounds "10"]
[EventCountry "GER"]
[SourceTitle "Corr 2011"]
[Source "ChessBase"]
[SourceDate "2010.08.31"]
[SourceVersion "1"]
[SourceVersionDate "2010.08.31"]
[SourceQuality "1"]

1. d4 Nf6 2. c4 e6 3. Nf3 c5 4. d5 exd5 5. cxd5 d6 6. Nc3 g6 7. h3 Bg7 8. e4 0-0 9. Bd3 Re8 10. 0-0 c4 11. Bxc4 Nxe4 12. Nxe4 Rxe4 13. Qc2 Re8 14. Bg5 Qb6 15. Rfe1 Bd7 16. Rxe8+ Bxe8 17. Be3 Qc7 18. Rc1 Nd7 19. Qe2 Qd8 20. Bb3 a6 21. Bg5 Qa5 22. Bd2 Qd8 23. Bg5 Qa5 24. Bd2 Qd8 25. Bg5 1/2-1/2